Traite Théorique Et Pratique De Police Judiciaire : (Record no. 71502)
[ view plain ]
| 000 -LEADER | |
|---|---|
| fixed length control field | 01190nam a2200325 i 4500 |
| 003 - CONTROL NUMBER IDENTIFIER | |
| control field | EG-GICUC |
| 005 - DATE AND TIME OF LATEST TRANSACTION | |
| control field | 20260416145701.0 |
| 008 - FIXED-LENGTH DATA ELEMENTS--GENERAL INFORMATION | |
| fixed length control field | 260416s1947 fr fr|||| 00| 0 fre d |
| 040 ## - CATALOGING SOURCE | |
| Original cataloging agency | EG-GiCUC |
| Language of cataloging | fre |
| Transcribing agency | EG-GiCUC |
| Modifying agency | EG-GiCUC |
| Description conventions | Rda |
| 041 0# - LANGUAGE CODE | |
| Language code of text/sound track or separate title | fre |
| 082 04 - DEWEY DECIMAL CLASSIFICATION NUMBER | |
| Edition number | 21 |
| Classification number | 343.8 |
| Item number | LY.T |
| 092 04 - LOCALLY ASSIGNED DEWEY CALL NUMBER (OCLC) | |
| Edition number | 21 |
| 099 ## - LOCAL FREE-TEXT CALL NUMBER (OCLC) | |
| Classification number | LAW1 10 343.8 2 ed - LY.T 1947 |
| 100 1# - MAIN ENTRY--PERSONAL NAME | |
| Personal name | Louis Lambert |
| Relator term | Auteur |
| 245 10 - TITLE STATEMENT | |
| Title | Traite Théorique Et Pratique De Police Judiciaire : |
| Remainder of title | À L'usage Des Commissaires De Police Ainsi Que Des Procureurs De La République Des Juges D'instruction Et Des Autres Officiers De Police Judiciaire / |
| Statement of responsibility, etc. | Louis Lambert. |
| 250 ## - EDITION STATEMENT | |
| Edition statement | Deuxième Édition |
| 264 ## - PRODUCTION, PUBLICATION, DISTRIBUTION, MANUFACTURE, AND COPYRIGHT NOTICE | |
| Place of production, publication, distribution, manufacture | Lyon : |
| Name of producer, publisher, distributor, manufacturer | Joannès Desvigne & C Editeurs, |
| Date of production, publication, distribution, manufacture, or copyright notice | 1947. |
| 300 ## - PHYSICAL DESCRIPTION | |
| Extent | 826 page : |
| Dimensions | 24 cm. |
| 336 ## - CONTENT TYPE | |
| Source | rda contenu |
| Content type term | texte |
| 337 ## - MEDIA TYPE | |
| Source | rda medias |
| Media type term | Ordinateur |
| 338 ## - CARRIER TYPE | |
| Source | transporteur rda |
| Carrier type term | Ressource en ligne |
| 504 ## - BIBLIOGRAPHY, ETC. NOTE | |
| Bibliography, etc. note | Comprend des références bibliographiques.<br/><br/> |
| 546 ## - LANGUAGE NOTE | |
| Language note | Texte en français |
| 650 14 - SUBJECT ADDED ENTRY--TOPICAL TERM | |
| Topical term or geographic name entry element | Droit pénal |
| Source of heading or term | qrmak |
| 650 14 - SUBJECT ADDED ENTRY--TOPICAL TERM | |
| Topical term or geographic name entry element | politique criminelle |
| 651 1# - SUBJECT ADDED ENTRY--GEOGRAPHIC NAME | |
| Source of heading or term | qrmak |
| 856 40 - ELECTRONIC LOCATION AND ACCESS | |
| Uniform Resource Identifier | <a href="https://fll.law.cu.edu.eg/fulltext/bks/B10-08915.pdf">https://fll.law.cu.edu.eg/fulltext/bks/B10-08915.pdf</a> |
| 905 ## - Cataloger and Reviser Names | |
| Cataloger Name: | Ganna Ahmed |
| 942 ## - ADDED ENTRY ELEMENTS (KOHA) | |
| Source of classification or shelving scheme | Dewey Decimal Classification |
| Koha item type | Books |
| Edition | 21 |
| Suppress in OPAC | No |
| Withdrawn status | Lost status | Source of classification or shelving scheme | Damaged status | Not for loan | Collection | Home library | Current library | Date acquired | Total checkouts | Full call number | Barcode | Date last seen | Copy number | Price effective from | Koha item type |
|---|---|---|---|---|---|---|---|---|---|---|---|---|---|---|---|
| Dewey Decimal Classification | Not for loan | القانون الجنائي | جــــامعة القــاهرة | مكتبة كلية الحقوق - المبنى الرئيسي | 16.04.2026 | LAW1 10 343.8 LY.T 2 ed - 1947 1008915 V2 C1 | B10-08915 | 16.04.2026 | 1 | 16.04.2026 | Books |